Alexander Hamilton lyrics - Statistics

General Stats
  • This quiz has been taken 214 times
  • The average score is 370 of 500
Answer Stats
Answer % Correct
a
100%
and
96%
do
95%
i
94%
the
93%
how
92%
of
92%
or
92%
bastard
90%
does
90%
for
90%
he
90%
in
90%
son
90%
be
89%
orphan
89%
whore
88%
alex
87%
father
87%
to
87%
by
86%
alexander
85%
got
85%
hamilton
85%
ten
85%
with
85%
him
84%
they
84%
we
84%
without
84%
lot
83%
spot
83%
being
82%
forgotten
82%
harder
82%
middle
82%
caribbean
81%
dollar
81%
founding
81%
his
81%
man
81%
up
81%
was
81%
workin
81%
working
81%
you
81%
fourteen
79%
grow
79%
then
79%
came
78%
dropped
78%
every
78%
hero
78%
is
78%
scholar
78%
scotsman
78%
when
78%
self
77%
your
77%
but
75%
charge
75%
farther
75%
just
75%
starter
75%
tradin
75%
wait
75%
name
74%
what
74%
mother
73%
have
72%
hurricane
72%
placed
72%
something
72%
there
72%
trading
72%
inside
71%
it
71%
things
71%
were
71%
day
70%
left
70%
my
70%
away
69%
better
69%
charter
69%
cousin
69%
done
69%
down
69%
havent
69%
know
69%
million
69%
new
69%
saw
69%
sick
69%
slaves
69%
world
69%
can
68%
committed
68%
went
68%
whats
68%
wrote
68%
moved
67%
nothin
67%
theres
67%
dead
66%
future
66%
on
66%
steal
66%
suicide
66%
this
66%
beg
65%
brain
65%
drain
65%
get
65%
kid
65%
pencil
65%
quick
65%
while
65%
drip
64%
see
64%
started
64%
temple
64%
yourself
64%
around
63%
connected
63%
dont
63%
dripping
63%
first
63%
from
63%
gonna
63%
insane
63%
late
63%
saying
63%
voice
63%
forget
62%
part
62%
ready
62%
send
62%
borrow
61%
gotta
61%
guard
61%
ship
61%
word
61%
bed
60%
brother
60%
half
60%
kept
60%
land
60%
longing
60%
mainland
60%
pride
60%
put
60%
readin
60%
refrain
60%
ridden
60%
ruined
60%
said
60%
slaughtered
60%
took
60%
years
60%
barter
59%
collection
59%
pain
59%
sittin
59%
their
59%
thick
59%
devastation
58%
fend
58%
own
58%
testament
58%
worlds
58%
york
58%
across
57%
cant
57%
carted
57%
full
57%
providence
57%
scent
57%
shelf
57%
squalor
57%
struggled
57%
two
57%
afford
56%
education
56%
are
55%
mothers
55%
would
55%
been
54%
landlord
54%
our
54%
split
54%
waves
54%
as
53%
book
53%
now
53%
sugar
53%
all
52%
cane
52%
debt
52%
never
52%
hands
51%
later
51%
someone
51%
waiting
51%
whence
51%
will
51%
retreatin
50%
america
49%
impoverished
49%
less
49%
time
49%
reigned
47%
if
46%
oh
46%
rum
46%
same
46%
sings
46%
harbor
45%
well
45%
wings
45%
bow
43%
overcame
43%
take
43%
game
42%
immigrant
41%
destitute
40%
stands
40%
another
39%
back
39%
restitution
39%
astute
38%
clerkin
38%
bottom
37%
coming
37%
rewrote
37%
could
36%
cent
35%
learned
31%
scammin
31%
treatise
31%
headed
28%
plannin
28%
woulda
25%
No matching quizzes found
Score Distribution
Percent of People with Each Score
Percentile by Number Answered
Your Score History
You have not taken this quiz